=LDR 00000nam 2200000 4500 =001 INLIS000000000017120 =005 20210312073347 =035 ##$$a 0010-061300000017120 =008 210312################g##########0#ind## =041 ##$$a Ind =082 ##$$a 2x7.3 =090 ##$$a 2x7.3, Bag s =100 ##$$a Baghdadi, Abdurrahman Al =245 1#$$a Sistem pendidikan di masa khilafah islam /$c Al-Abdurran albaghdadi; Editor, Nur Eva =260 ##$$a Surabaya :$b Al-issah,$c 1996 =300 ##$$a x, 153 hlm ; $c 15 x 23 cm =650 #4$$a Pendidikan agama Islam =850 ##$$a NBPNMAT =020 ##$$a 979-8998-01-4 =084 ##$$a 2x7.3 BAG s =250 ##$$a Cet. 1 =520 ##$$a Bibliografi : hlm. 145 - 146 =520 ##$$a Indeks : hlm. 147 - 152 =990 ##$$a 115.149/Pro- 97 =990 ##$$a 115151/Pro.97